00610cam a2200181 a 450000100100000000500170001000800410002704000250006808200200009310000460011324500620015925000110022126000410023230000280027365000380030165000340033965000550037300000729120200929154125.0780517s1944 ag 000 0 spa  aDO-SdBNPbspacBNPHU axxbG633r, 19441 aGómez de la Serna, Ramón,d1888-1963.10aRetratos contemporáneos /cRamón Gómez de la Serna. a2a ed. aBuenos Aires :bSudamericana,c1944. a450 p. :bil. ;c21 cm. 4aAutores españolesxBiografías 4aAutores españoleszSiglo Xx 4aLiteratura modernazSiglo XxxHistoria y crítica